000 00575nam a2200169Ia 4500
008 180921t2018 xxu||||| |||| 00| 0 sin d
041 _asin
080 _a8සි3(යොවුන්)
_bකිප්ලි
100 _aකිප්ලි, රුඩියාර්ඩ්
245 _aකැලෑ දරුවා
260 _bගුණසේන
_aකොළඹ
_c2018
300 _aසෙ.මි.18, පි.106
700 _aප්‍රේමසිරි මාහිංගොඩ
_eපරි.
942 _cBK
999 _c10905
_d10905
003 LK-CoDNM
040 _aLK-CoDNM
_dLK-CoDNM
_eLK-CoDNM